| 000 | 00910nam a22002417i 4500 | ||
|---|---|---|---|
| 999 |
_c23169 _d23169 |
||
| 003 | AR-CdUCM | ||
| 008 | 250120b20192019 pe||||| |||| 00| 0 spa d | ||
| 040 |
_aMUNICIPALIDAD PROVINCIAL DEL CUSCO _cBIBLIOTECA MUNICIPAL DEL CUSCO |
||
| 041 | _hspa | ||
| 082 |
_a129.85 / R63F _bR63F |
||
| 100 |
_aRíos Zamalloa, Jorge _92949 |
||
| 245 | _a Filosofía Política / | ||
| 260 |
_aCusco : _c2019 |
||
| 300 |
_a212 páginas. : _c20x15 cm. |
||
| 505 | _aEl cristianismo y la civilización -- el capitalismo -- Pueblo y liderazgo -- La violencia y la historia política -- Construcción del poder popular -- La historia no se detiene -- La falsa democracia -- El poder paralelo | ||
| 650 |
_aCivilización _91048 |
||
| 650 |
_aCristianismo _950930 |
||
| 650 |
_aPolítica _9291 |
||
| 650 |
_aPoder paralelo _950931 |
||
| 650 |
_aDerecho individual _950932 |
||
| 942 |
_2ddc _cLIBROS |
||
| 945 |
_apbjr _d20-01-2025 |
||